000 00447nam a2200181Ia 4500
008 210210b xxu||||| |||| 00| 0 eng d
041 _aeng
082 _a389/3
100 _aSHARON (A D)
245 _aIndustrial finance and investment in India
260 _aBombay
_bForum of Free Enterprise
_c
650 _ainvestment
650 _aIndustrial
650 _aIndia
650 _afinance
690 _aInvestment Management
906 _a005718
999 _c125780
_d125780